000
00463nam a2200181Ia 4500
008
100917s9999 xx 000 0 und d
082
_b
34982
100
_a
भावे अपर्णा
245
_a
फसगत
260
_b
तरवडे प्रकाशन
_c
1978
300
_a
68
365
_b
5.5
520
_a
कादंबरी
630
_a
फसगत
650
_a
कादंबरी
730
_a
फसगत
942
_c
BOOK
999
_c
640376
_d
640373